000
00239nam a2200109Ia 4500
008
210430s9999 xx 000 0 und d
082
_a
582 D597T
100
_a
NA
245
_a
Telephone Directory
_c
NA
300
_a
327
942
_c
BK
_2
ddc
999
_c
565220
_d
565220